| 000 | 00461nam a2200169Ia 4500 | ||
|---|---|---|---|
| 008 | 230917s9999||||xx |||||||||||||| ||und|| | ||
| 020 | _cRS1100 | ||
| 040 |
_e248814 _aMAIN |
||
| 041 | _aEnglish | ||
| 082 | _a910.02 B469P | ||
| 100 | _aBharatdwaj, K | ||
| 245 | 0 | _aPhysical geography: Oceanography | |
| 260 |
_aNew Delhi _bDiscovery Publishing House _c2017 |
||
| 300 | _a355 p. | ||
| 500 | _a3193 20/07/2018 RBP18/71790 30/07/2018 Main Budget | ||
| 942 | _cBK | ||
| 999 |
_c27416 _d27416 |
||